| 000 | 00428nam a2200169Ia 4500 | ||
|---|---|---|---|
| 008 | 230917s9999||||xx |||||||||||||| ||und|| | ||
| 020 | _cRS495 | ||
| 040 |
_e255277 _aMAIN |
||
| 041 | _aEnglish | ||
| 082 | _a891.2109 R137R | ||
| 100 | _aRajesh kumar | ||
| 245 | 0 | _aRas-vimarsh | |
| 260 |
_aDelhi _bShivalik Prakashan _c2017 |
||
| 300 | _a130 p. | ||
| 500 | _a3458 08/04/2019 HBD19/4005 28/03/2019 Sanskrit SAP | ||
| 942 | _cBK | ||
| 999 |
_c30972 _d30972 |
||